000 00436nam a2200145Ia 4500
008 230917s9999||||xx |||||||||||||| ||und||
040 _e176851
_aMAIN
041 _aEnglish
082 _a891.4317409 SP86K
100 _aश्री वास्तव, परमानन्द
245 0 _aकविता का उतर जीवन
260 _aदिल्ली
_bराजकमल
_c2004
300 _a219 p.
942 _cHN
999 _c129192
_d129192